书目信息 |
| 题名: |
购房指南
|
|
| 作者: | 郑颖晕 主编 | |
| 分册: | ||
| 出版信息: | 北京 中华工商联合出版社 1998.07 |
|
| 页数: | 302页 | |
| 开本: | 32开 | |
| 丛书名: | ||
| 单 册: | ||
| 中图分类: | F293.3 | |
| 科图分类: | ||
| 主题词: | 城市经济 , 市政经济 | |
| 电子资源: | ||
| ISBN: | 7-80100-445-0 | |
| 000 | 00565nam0 2200205 45 | |
| 001 | 0008020961 | |
| 005 | 20000802095716.0 | |
| 010 | @a7-80100-445-0@d16.80元 | |
| 100 | @a20000802d1998 km y0chiy0120 ea | |
| 101 | 0 | @achi |
| 105 | @a z 000yy | |
| 200 | 1 | @a购房指南@AGou Fang Zhi Nan@f郑颖晕主编@FZheng Ying Yun Zhu Bian |
| 210 | @a北京@c中华工商联合出版社@d1998.07 | |
| 215 | @a302页@d32开 | |
| 606 | 0 | @a城市经济 |
| 606 | 0 | @a市政经济 |
| 690 | @aF293.3@v3 | |
| 701 | 0 | @a郑颖晕@4主编 |
| 801 | @aCN@bPftUser@c20000802 | |
| 905 | @b86734-738@dF293.3@eZH335@f5 | |
| 购房指南/郑颖晕主编.-北京:中华工商联合出版社,1998.07 |
| 302页;32开 |
| ISBN 7-80100-445-0:16.80元 |
| ● |
| 相关链接 |
|
|
|
正题名:购房指南
索取号:F293.3/ZH335
 
预约/预借
| 序号 | 登录号 | 条形码 | 馆藏地/架位号 | 状态 | 备注 |
| 1 | 86734 | 200867348 | 社科库409/409社科库 106排1列6层/ [索取号:F293.3/ZH335] | 在馆 | |
| 2 | 86735 | 200867357 | 社科库409/409社科库 106排1列6层/ [索取号:F293.3/ZH335] | 在馆 | |
| 3 | 86736 | 200867366 | 社科二线400B/400B社科库 32排3列4层/ [索取号:F293.3/ZH335] | 在馆 | |
| 4 | 86737 | 200867375 | 社科二线400B/400B社科库 32排3列4层/ [索取号:F293.3/ZH335] | 在馆 | |
| 5 | 86738 | 200867384 | 社科库409/409社科库 106排1列6层/ [索取号:F293.3/ZH335] | 在馆 |